000 01739fam a2200433 a 4500
001 1927451
003 000013
005 20220326193245.0
008 960531s1996 mnu b 001 0 eng
010 _a 96009276
020 _a0816627924
020 _a0816627932 (pbk.)
024 3 0 _a9780816627936
_d90000
035 _a(OCoLC)34894343
035 _a(OCoLC)ocm34894343
035 _a(NNC)1927451
040 _aDLC
_cDLC
_dNNC
_dOrLoB-B
050 0 0 _aHM101
_b.A644 1996
082 0 0 _a306
_bAP646m
_220
100 1 _aAppadurai, Arjun,
_d1949-
_9110
245 1 0 _aModernity at large :
_bcultural dimensions of globalization /
_cArjun Appadurai.
260 _aMinneapolis :
_bUniversity of Minnesota Press,
_cc1996.
300 _axi, 229 p. ;
_c23 cm.
490 1 _aPublic worlds ;
_vv. 1
504 _aIncludes bibliographical references and index.
505 0 0 _g1.
_tHere and Now --
_g2.
_tDisjuncture and Difference in the Global Cultural Economy --
_g3.
_tGlobal Ethnoscapes: Notes and Queries for a Transnational Anthropology --
_g4.
_tConsumption, Duration, and History --
_g5.
_tPlaying with Modernity: The Decolonization of Indian Cricket --
_g6.
_tNumber in the Colonial Imagination --
_g7.
_tLife after Primordialism --
_g8.
_tPatriotism and Its Futures --
_g9.
_tThe Production of Locality.
600 _aArjun Appadurai
_9111
650 0 _aCulture.
_9112
650 0 _aCultura
_9113
650 0 _aCivilization, Modern
_y1950-
_9114
650 0 _aCivilización moderna
_9115
650 0 _aEthnicity.
_9116
650 0 _aEtnología
_9117
650 0 _aMass media
_xSocial aspects.
_9118
650 0 _aMedios de comunicación
_9119
830 0 _aPublic worlds ;
_vv. 1.
_9120
900 _bTOC
948 2 _a20060410
_ba
_crad1
_dMPS
999 _c18
_d18